Normal view
MARC view
- Wusqa, Urwa Tul
Entry Personal Name
001 - CONTROL NUMBER
- control field: 130282
003 - CONTROL NUMBER IDENTIFIER
- control field: NUST
005 - DATE AND TIME OF LATEST TRANSACTION
- control field: 20250807163139.0
008 - FIXED-LENGTH DATA ELEMENTS
- fixed length control field: 250807|| aca||aabn | a|a d
040 ## - CATALOGING SOURCE
- Original cataloging agency: NUST
- Transcribing agency: NUST
100 ## - HEADING--PERSONAL NAME
- Personal name: Wusqa, Urwa Tul
670 ## - SOURCE DATA FOUND
- Source citation: Work cat.: (NUST): Wusqa, Urwa Tul, Detection of freezing of gait in Parkinson’s disease using attention mechanism and wearable inertial sensor/
